Top 15 countries at major 4 pageants - Statistics

General Stats
  • This quiz has been taken 297 times
  • The average score is 10 of 15
Answer Stats
Hint Answer % Correct
140 placements Usa
98%
90 placements Brazil
89%
113 placements Venezuela
86%
61 placements Australia
83%
74 placements Japan
83%
57 placements India
82%
61 placements France
81%
71 placements Spain
79%
82 placements Colombia
78%
57 placements Germany
76%
62 placements Sweden
73%
64 placements Finland
49%
63 placements Israel
24%
86 placements United Kingdom
17%
80 placements Philipinnes
5%
No matching quizzes found
Score Distribution
Percent of People with Each Score
Percentile by Number Answered
Your Score History
You have not taken this quiz